Estructura de la ganadería (histórica y actual) /

Guardado en:
Autor Principal: Lebedinsky, Mauricio
Formato: Libro
Publicado: Buenos Aires : Quipo, 1964
Etiquetas: Agregar Etiqueta
Sin Etiquetas, Sea el primero en etiquetar este registro!
LEADER 00439nam a22001455a 4500
001 CEM.cems017333
005 20091120152859.0
008 130507s1964##################000#0#####d
003 CEMS
082 0 4 |a 636 
100 1 |a Lebedinsky, Mauricio 
245 1 0 |a Estructura de la ganadería (histórica y actual) /  |c Mauricio Lebedinsky 
260 |a Buenos Aires :  |b Quipo,  |c 1964 
300 |a 160 p. 
859 |a CEMS  |b BIB. CEMS - Agricultura  |h 636  |i L491  |p A0551.04  |t Ej.1